000 01079nas a2200325 4500
001 BR2021000219
003 BR-BrBNA
005 20231205132131.0
007 ta
008 230509b bl.|||p| |||| 00| 00por d
040 _aBR-BrBNA
_bpor
_cBiblioteca Nacional de Agricultura
041 _a(En)
072 _aE11; E50
100 1 _aSilva, D.A.S. da
100 1 _aFerreira, R.L.C.
100 1 _aGuedes, M.C.
100 1 _aSousa, C.S.C. de
100 1 _aLima, R.B. de
100 1 _aAlmeida, A.S. de
100 1 _aSilva, E.F. da
245 1 _aCost of opportunity: economic competitiveness of community forest management by land use
650 _aGESTÃO
650 _aAGRICULTURA FAMILIAR
650 _aUSO DA TERRA
773 0 _tNativa. Pesquisas Agrárias e Ambientais (Brazil)
_xISSN 2318-7670
_g(Jul-Aug 2017), v. 5(4) p. 277-282
_wBR2021000219
856 4 0 _uhttps://periodicoscientificos.ufmt.br/ojs/index.php/nativa/article/view/4576/pdf_1
856 4 0 _dLink DSPACE/MAPA BR2021000219
909 _a202311
_bLúcia
_c55
_dLúcia Elande
942 _2AGRIS
_n0
_cANA
999 _c258659
_d258659